000 00684nam a2200253Ia 4500
003 OSt
005 20220925220040.0
006 a|||||r|||| 00| 0
007 ta
008 220923b |||||||| |||| 00| 0 eng d
020 _a0 582 48266 6
037 _cGeneral Book
040 _aRTL
_cRTL
_beng
041 _2eng
_aeng
082 _aX.5.J, L4
100 _aPounds N J G
_993350
245 0 _aEconomic history of medieval Europe
260 _aLondon
_bLongman
_c1974
300 _axi,562p.
_ccm.
500 _aBibliography: P 518-44
650 _aEconomic Conditions
_930695
942 _hX.5.J, L4
_cGB
_2CC
999 _c570388
_d570388